=LDR 00000nam 2200000 4500 =001 INLIS000000000040901 =005 20130612150445 =008 ***********************************ind** =035 ##$$0010-061300000040901 =041 ##$$a ind =082 ##$$a 153.8 =090 ##$$a 153.8 , Che ,d =100 ##$$a CHEN, Febe =245 ##$$a Be Cresive , Menjadi Pribadi Kreatif , Febe Chen =260 ##$$a 2010 $b Jakarta =300 ##$$a 279 hlm., 22 cm =650 ##$$a MOTIVASI KREATIF =850 ##$$a NBPNMAT